The soft drinks companion : A teachnical handbook for the beverage industry

Sparad:
Bibliografiska uppgifter
Huvudupphovsman: Shachman, Maurice
Materialtyp: Bok
Språk:Undetermined
Publicerad: Boca Raton CRC Press 2005
Ämnen:
Taggar: Lägg till en tagg
Inga taggar, Lägg till första taggen!
Thư viện lưu trữ: Trung tâm Học liệu Trường Đại học Cần Thơ
LEADER 00561nam a2200205Ia 4500
001 CTU_100051
008 210402s9999 xx 000 0 und d
020 |c 2249000 
082 |a 663.62 
082 |b S524 
100 |a Shachman, Maurice 
245 4 |a The soft drinks companion : 
245 2 |b A teachnical handbook for the beverage industry 
245 0 |c Maurice Shachman 
260 |a Boca Raton 
260 |b CRC Press 
260 |c 2005 
650 |a Carbonated beverages 
904 |i Giang 
980 |a Trung tâm Học liệu Trường Đại học Cần Thơ